1008 1413 1348 1066 1680 1905 1758 1307 1894 1373 1868 1010 1756 1729 1956 1781 1182 1865 1975 1313 1974 1465 1492 1380 1116 1928 1131 1723 1344 1326 1965 1264 1301 1677 1059 1931 1208 1765 1167 1085 1900 1268 1950 1918 1442 1594 1351 1553 1987 1929 1220 1078 1255 1128 1990 1706 1225 1921 1966 1470 1081 1814 1922 1085 1598 1954 1874 1246 1877 1552 1588 1756 1232 1989 1514 1605 1523 1027 1786 1353 1126 1201 1340 1129 1823 1083 1939 1223 1516 1368 1671 1624 1391 1638 1764 1561 1297 1890 1210 BCNSPRNW ULIB Ver.6.0+V

เปลี่ยนเป็นภาษาไทย

Change to English
 แสดงรายละเอียดบรรณานุกรม
  กลับหน้าหลัก

Brief Record : Get Marc (ISO 2709) : E-mail record : QR code < ปิดหน้าต่าง
LEADER : 00000nas 2200000uu 4500
001    13399125267
003     ULIB
008    161221s2559||||th 000 0 tha d
022 0  ^a2351020x
100 0  ^aอาจารย์อัจฉราวดี วงศ์สกุล
110 1  ^aมูลนิธิโนอิ้ง บุดด้า
245 00 ^aข้ามห้วงมหรรณพ
260    ^aกรุงเทพฯ:^bมูลนิธิโนอิ้ง บุดด้า
310    ^aรายสองเดือน
850 ^a ULIB^bปีที่ - ฉบับที่ 1 ฉ.1
945    ^p170^l0^i904251
999    ^aวรรณษา ชูชัยมงคล
รายการนี้ยังไม่มีแท็ก
คุณยังไม่ได้ล็อกอิน คุณสามารถมีกิจกรรมร่วมกับเว็บไซต์ได้ แต่ต้องล็อกอินก่อน ::
  ล็อกอิน

รายการสื่อสารสนเทศ (วารสาร)

ดูแบบ: กล่อง รายการ
ARRIVED
ปีที่ - ฉบับที่ 1 ฉ.1
สถานที่: ห้องสมุดวิทยาเขตสวรรค์ประชารักษ์ >หนังสือพิมพ์

BibComment


ยังไม่เคยถูกคอมเมนท์

คอมเมนท์ทรัพยากรรายการนี้
  คอมเมนท์: ข้ามห้วงมหรรณพ


 Copyright 2026. Bcnsprnw @Library